01127nas a2200265Ia 4500001001100000003000900011008004100020040001300061040001300074041001300087100004300100210001900143222001900162245008600181250001100267260005100278501008600329300001900415362003300434500010800467650003900575942000700614999001900621952022100640R452/B7016IT-RoPAU151124c99999999xx |||||||||||| ||und|| aIT-RoPAU cIT-RoPAU aITALIANO aMolari CarlogCodice Aut. SPICS: 3671 aVITA PASTORALE aVita Pastorale aVITA PASTORALE, ANNO 81-N.05 (MAGGIO 1993)bCome Seme Gettato Nei Solchi Profondi a1a ed. aMILANObSOCIETA' S. PAOLO GRUPPO PERIOD.c1993 bPaulus - SPICS - Società San Paolo EM (non-commercial uses only)cCopyright2015 a4 p. [142-145] aANNO 081, N.05 (MAGGIO 1993) aMissione Salvifica e Universale. Parabola del Seminatore Letta Come Paradigma del Suo Rapporto con Dio. aPASTORALEvPUBBLICAZIONE PERIODICA cCR c179085d179085 0010406R_452_000000000000000_B701671aSPICSbSPICSd2015-11-25l0oR452/B7016r2015-11-25 00:00:00w2015-11-25yCRzProgr. Ins: 78184 / Copia rara: NO / date import: 25.11.2015 / By Epidotti, Trombetti, Vaglietti